Tạp văn /
সংরক্ষণ করুন:
| প্রধান লেখক: | |
|---|---|
| অন্যান্য লেখক: | |
| বিন্যাস: | Sách giấy |
| ভাষা: | Vietnamese |
| প্রকাশিত: |
H. :
Hội Nhà văn,
2003
|
| ট্যাগগুলো: |
ট্যাগ যুক্ত করুন
কোনো ট্যাগ নেই, প্রথমজন হিসাবে ট্যাগ করুন!
|
| Thư viện lưu trữ: | Thư viện Trường Đại học Đà Lạt |
|---|
| LEADER | 00691nam a2200277 4500 | ||
|---|---|---|---|
| 001 | DLU040030499 | ||
| 005 | ##20041230 | ||
| 040 | # | # | |a DLU |b vie |
| 041 | # | # | |a vie |
| 044 | # | # | |a vn |
| 082 | # | # | |a 895.13 |b LO-T |
| 100 | # | # | |a Lỗ Tấn |
| 245 | # | # | |a Tạp văn / |c Lỗ Tấn; Trương Chính giới thiệu và tuyển dịch |
| 260 | # | # | |a H. : |b Hội Nhà văn, |c 2003 |
| 300 | # | # | |a 887 tr. ; |c 21 cm |
| 700 | # | # | |a Trương Chính |e giới thiệu và tuyển dịch |
| 923 | # | # | |a 38/2004 |
| 992 | # | # | |a 99.000 |
| 994 | # | # | |a DLU |
| 900 | # | # | |a True |
| 911 | # | # | |a Đào Thị Thu Huyền |
| 925 | # | # | |a G |
| 926 | # | # | |a A |
| 927 | # | # | |a SH |
| 980 | # | # | |a Thư viện Trường Đại học Đà Lạt |